000 00309nam a22001337a 4500
008 230628b |||||||| |||| 00| 0 eng d
020 _a9780330435550
082 _a823.92
100 _aTEJPAL, Tarun J.
245 _aAlchemy of Desire
260 _aLondon
_bPicador
_c2005
300 _a518p
942 _2ddc
_cBK
999 _c3158
_d3158